000 00876nam a22002057a 4500
999 _c6870
_d6870
003 AR-CdUCM
008 190319b ||||| |||| 00| 0 eng d
040 _aMUNICIPALIDAD PROVINCIAL DEL CUSCO
_cBIBLIOTECA MUNICIPAL DEL CUSCO
082 _a620.13 /
_bW14
100 _aWaddell, Joseph J.
_919360
245 _aPractical Quality for Concrete
260 _aEstados Unidos :
_bMcGraw- Hill Book Company INC.
_c1962.
300 _a396 páginas ;
_c23.5 cm.
505 _aContenido : Basic Considerations -- Workability -- Strength -- Volume Change and Shrinkage -- Durability -- Waterlightness -- Cracking -- Concrete Surfaces -- Inspeccion Fundamentals -- Materiales del Concreto -- Aggregate Procesing and Inspection...
650 _aTecnologia del Concreto
_919361
650 _aIngenieria Civil
_919181
650 _aConcreto
_919362
942 _2ddc
_cLIBROS
945 _artm